| 000 | 00455nam a2200181Ia 4500 | ||
|---|---|---|---|
| 008 | 180207s9999 xx 000 0 und d | ||
| 020 | _a9789832584001 | ||
| 050 | _bG492 2002 | ||
| 245 | 4 | _aThe gingerbread man / | |
| 245 | _cedited by Bob Williams. | ||
| 260 | _aMalaysia : | ||
| 260 | _bKohwai & Young, | ||
| 260 | _c2002 | ||
| 300 | _a16 pages : | ||
| 300 | _bcolor illustrations ; | ||
| 300 | _c26cm. | ||
| 440 | _aPopular fairy tales series. | ||
| 999 |
_c355591 _d355591 |
||